[Event "AUTO-ADV-4093"]
[Site "http://www.queenalice.com/game.php?id=1575337"]
[Date "2019.6.24"]
[Round "2"]
[White "adriano1953"]
[Black "RobertD"]
[Result "1-0"]
[WhiteElo "1783"]
[BlackElo "1892"]

1. d4 d5 2. c4 dxc4 3. e4 e6 4. Bxc4 Bb4+ 5. Bd2 Bxd2+ 6. Qxd2 Nf6 7. Nc3 c6 8.
Nf3 O-O 9. O-O Nbd7 10. Qf4 Nh5 11. Qg4 Ndf6 12. Qg5 h6 13. Qe3 Ng4 14. Qd2 Qg5
15. Nxg5 1-0

[Event "AUTO-ADV-4093"]
[Site "http://www.queenalice.com/game.php?id=1575338"]
[Date "2019.6.24"]
[Round "2"]
[White "RobertD"]
[Black "adriano1953"]
[Result "0-1"]
[WhiteElo "1872"]
[BlackElo "1807"]

1. d4 d5 2. e3 Nf6 3. Bd3 Nc6 4. Nf3 Bg4 5. h3 Bd7 6. O-O e6 7. Ne5 Be7 8. c4
O-O 9. f4 Nxe5 10. fxe5 Ne8 11. Qh5 g6 12. Qe2 dxc4 13. Bxc4 Ng7 14. g4 Bc6 15.
e4 Qxd4+ 16. Kh2 Qxe5+ 17. Kg1 Bc5+ 18. Be3 Qg3+ 0-1

[Event "AUTO-ADV-4093"]
[Site "http://www.queenalice.com/game.php?id=1575339"]
[Date "2019.6.24"]
[Round "2"]
[White "adriano1953"]
[Black "leo2dipikke"]
[Result "0-1"]
[WhiteElo "1827"]
[BlackElo "1798"]

1. d4 d5 2. c4 e6 3. cxd5 exd5 4. Nf3 Bg4 5. e3 Nf6 6. Be2 Bd6 7. Nc3 O-O 8. O-O
Re8 9. Qc2 Ne4 10. h3 Nxc3 11. Qxc3 Bxf3 12. Bxf3 c6 13. Re1 Nd7 14. Bg4 Nf6 15.
Bf5 g6 16. Bc2 Ne4 17. Qd3 Qf6 18. Qf1 Re6 19. f3 Ng3 20. Qf2 Nh5 21. Bd2 Bg3
22. Qe2 Bxe1 23. Rxe1 Rae8 24. b4 Nf4 25. Qf2 Nh5 26. g4 Ng7 0-1

[Event "AUTO-ADV-4093"]
[Site "http://www.queenalice.com/game.php?id=1575340"]
[Date "2019.6.24"]
[Round "2"]
[White "leo2dipikke"]
[Black "adriano1953"]
[Result "1-0"]
[WhiteElo "1761"]
[BlackElo "1846"]

1. e4 e5 2. Nf3 Nc6 3. Bc4 h6 4. d4 exd4 5. Nxd4 Nxd4 6. Qxd4 d6 7. Nc3 c5 8.
Qd3 Bd7 9. O-O Nf6 10. Re1 Be7 11. Nd5 O-O 12. Nxe7+ Qxe7 13. Bd2 b5 14. Bd5 c4
15. Qd4 Nxd5 16. exd5 Qd8 17. Bc3 f6 18. Re3 Re8 19. Rae1 Bf5 20. Qd2 Qd7 21.
Rg3 Rxe1+ 22. Qxe1 Kh7 23. Re3 Bxc2 24. Re7 Qg4 25. Bxf6 Rg8 26. h3 1-0

[Event "Challenge"]
[Site "http://www.queenalice.com/game.php?id=1602522"]
[Date "2020.3.14"]
[Round "-"]
[White "Dinda54"]
[Black "adriano1953"]
[Result "0-1"]
[WhiteElo "1655"]
[BlackElo "1769"]

1. e4 e5 2. Nf3 Nc6 3. a3 Nf6 4. Nc3 Bc5 5. h3 d5 6. d3 d4 7. Na4 Be7 8. b4 a6
9. c3 b5 10. Nc5 Bxc5 11. bxc5 Qe7 12. Qb3 Qxc5 13. Bd2 Be6 14. Qb2 Rb8 15. cxd4
exd4 16. Bb4 Nxb4 17. axb4 Qb6 18. Be2 Rd8 19. O-O O-O 20. e5 Nh5 21. Ng5 Nf4
22. Qd2 Nxe2+ 23. Qxe2 Bf5 24. Rae1 Qg6 25. h4 Bxd3 26. Qd1 Bxf1 27. Kxf1 Rfe8
28. Nf3 Qb6 29. Qe2 a5 30. Qe4 axb4 31. Ng5 Qg6 32. Qf3 h6 33. Nh3 Rc8 34. h5
Qb6 35. Nf4 c5 36. e6 fxe6 37. Ng6 Qd6 38. Qb7 c4 39. Qxb5 b3 40. Rc1 Qd5 41.
Qb4 Qc5 42. Qb7 Qc7 43. Qe4 Qd7 44. Ne5 Qd5 45. Qe2 c3 46. Nd3 b2 47. Nxb2 d3
48. Nxd3 Red8 49. Nf4 Qc4 50. Qxc4 Rxc4 51. Nxe6 Re8 52. Nf4 Rxf4 53. Rxc3 Rfe4
54. Rc1 Rh4 55. Rc5 Rh1# 0-1

[Event "Challenge"]
[Site "http://www.queenalice.com/game.php?id=1604089"]
[Date "2020.3.24"]
[Round "-"]
[White "adriano1953"]
[Black "Dinda54"]
[Result "1-0"]
[WhiteElo "1780"]
[BlackElo "1660"]

1. d4 d5 2. c4 c6 3. Bg5 h6 4. Bh4 Qb6 5. b3 dxc4 6. e4 Qa5+ 7. Nd2 cxb3 8. axb3
Qb4 9. Nf3 Be6 10. Bc4 Bxc4 11. bxc4 g5 12. Bg3 Nf6 13. Rb1 Qa5 14. O-O Nh5 15.
Rxb7 Nd7 16. Qc2 Qa6 17. Rfb1 Nb6 18. Rb8+ Kd7 19. Ne5+ Ke6 20. Rxa8 Nxa8 21.
d5+ cxd5 22. cxd5+ Kf6 23. Nc6 Nxg3 24. Qc3+ Kg6 25. Qxh8 Bg7 26. Ne5+ Kf6 27.
Qh7 Ne2+ 28. Kh1 Kxe5 29. Qxg7+ Qf6 30. Qxf6+ exf6 31. Rb8 Nb6 32. Rb7 Kd4 33.
f3 Ke3 34. Nf1+ Kf4 35. Rxa7 Nc4 36. Rxf7 Ke5 37. Ng3 Nd6 38. Rh7 1-0

[Event "AUTO-ADV-4398"]
[Site "http://www.queenalice.com/game.php?id=1626499"]
[Date "2020.9.11"]
[Round "1"]
[White "jeffcom2f"]
[Black "adriano1953"]
[Result "1/2-1/2"]
[WhiteElo "1669"]
[BlackElo "1803"]

1. e4 e5 2. d4 exd4 3. e5 Nc6 4. Nf3 d6 5. exd6 Bxd6 6. Bc4 Nf6 7. O-O O-O 8. c3
dxc3 9. Nxc3 Bg4 10. h3 Bf5 11. Bg5 h6 12. Bh4 Be7 13. Qxd8 Raxd8 14. Rad1 Rxd1
15. Nxd1 a6 16. g4 Bg6 17. g5 hxg5 18. Bxg5 Re8 19. Nh4 Bh5 20. Nf5 g6 21. Nh6+
Kg7 22. Bxf7 Rf8 23. Ne3 Bc5 24. Rc1 Bxe3 25. fxe3 Rd8 26. Bb3 Rd2 27. e4 Rxb2
28. Re1 Re2 29. Rxe2 Bxe2 30. Kf2 Nxe4+ 31. Kxe2 Nxg5 32. Ng4 Nxh3 33. Nf2 Nf4+
34. Ke3 g5 35. Ne4 b6 36. Nxg5 Ng6 37. Ne6+ Kf6 38. Nxc7 a5 39. Nb5 Ke5 40. Nc7
Kd6 41. Na8 b5 42. Bc2 Nge5 43. Bb1 Nc4+ 44. Kd3 Kc5 45. Nc7 b4 46. Ne6+ Kd5 47.
Nf4+ Kc5 48. Ne6+ Kd6 49. Kxc4 Kxe6 50. Kc5 Na7 51. Kb6 Nc8+ 52. Kxa5 Kd6 53.
Kxb4 Kc7 54. a4 Kb6 55. Be4 Nd6 56. Bd3 Nf7 57. a5+ Ka7 58. Be4 Ng5 59. Bc6 Nh7
60. Kb5 Ng5 61. a6 Nh3 62. Bb7 Nf2 1/2-1/2

[Event "AUTO-ADV-4398"]
[Site "http://www.queenalice.com/game.php?id=1626500"]
[Date "2020.9.11"]
[Round "1"]
[White "adriano1953"]
[Black "jeffcom2f"]
[Result "1-0"]
[WhiteElo "1791"]
[BlackElo "1681"]

1. d4 d5 2. c4 e6 3. Nf3 a6 4. Bg5 Nf6 5. e3 dxc4 6. Bxc4 b5 7. Bd3 Nc6 8. O-O
Bb7 9. Nc3 b4 10. Ne4 Be7 11. Qc2 Nxe4 12. Bxe7 Nxe7 13. Bxe4 Bxe4 14. Qxe4 O-O
15. Rac1 Qd5 16. Qxd5 Nxd5 17. e4 Nf4 18. Rxc7 Rfd8 19. Rc4 a5 20. Rd1 Rac8 21.
b3 Rxc4 22. bxc4 a4 23. c5 Rc8 24. Kf1 a3 25. g3 Ng6 26. Rc1 Ne7 27. Ke2 b3 28.
Nd2 b2 29. Rb1 Nc6 30. Ke3 Nb4 31. Nc4 Nc2+ 32. Kd3 Nb4+ 33. Kd2 Nxa2 34. Nxa3
Nb4 35. Rxb2 Nc6 36. Kc3 Ne7 37. Nb5 Nc6 38. d5 exd5 39. exd5 Ne5 40. c6 Nf3 41.
h4 Ne5 42. Kd4 Nf3+ 43. Ke4 Nh2 44. c7 Ng4 45. d6 Nf6+ 46. Kf5 Nd7 47. Na7 Ra8
48. c8=Q+ Rxc8 49. Nxc8 g6+ 50. Ke4 Kg7 51. Kd5 Nf6+ 52. Kc6 Kh6 53. d7 1-0

[Event "AUTO-ADV-4398"]
[Site "http://www.queenalice.com/game.php?id=1626515"]
[Date "2020.9.11"]
[Round "1"]
[White "holandes"]
[Black "adriano1953"]
[Result "0-1"]
[WhiteElo "1819"]
[BlackElo "1798"]

1. e4 e5 2. Nc3 Bb4 3. Nd5 Bc5 4. b4 Bb6 5. Qg4 g6 6. d3 d6 7. Qf3 Be6 8. Nxb6
axb6 9. Ne2 Nf6 10. h3 O-O 11. Bg5 Nbd7 12. c4 Kg7 13. h4 h6 14. Be3 Bg4 15. Qg3
Ra4 16. a3 Qa8 17. f3 Be6 18. h5 g5 19. Qh2 Rxb4 20. Bd2 Rb3 21. Nc1 Rxa3 22.
Rxa3 Qxa3 23. Be2 c6 24. O-O Qa7 25. Be3 Nc5 26. g3 d5 27. exd5 cxd5 28. cxd5
Nxd5 29. Bf2 Nc3 30. Bd1 Nxd1 31. Rxd1 Qa1 32. Re1 Qc3 33. g4 f6 34. Rd1 Qc2 35.
Re1 Nxd3 36. Nxd3 Qxd3 37. Bxb6 Qxf3 38. Qg2 Qxg4 39. Qxg4 Bxg4 40. Rc1 Bxh5 41.
Rc7+ Rf7 0-1

[Event "AUTO-ADV-4398"]
[Site "http://www.queenalice.com/game.php?id=1626516"]
[Date "2020.9.11"]
[Round "1"]
[White "adriano1953"]
[Black "holandes"]
[Result "1-0"]
[WhiteElo "1815"]
[BlackElo "1802"]

1. d4 d5 2. c4 c6 3. Bg5 h6 4. Bf4 Nf6 5. e3 b6 6. Nf3 Bg4 7. Nc3 e6 8. cxd5
exd5 9. Be2 Bb4 10. O-O Bxc3 11. bxc3 Ne4 12. Qc2 Bf5 13. Bd3 Qe7 14. h3 Nd7 15.
Nd2 Ndf6 16. Nb3 O-O 17. f3 g5 18. Bh2 Nd6 19. Bxf5 Nxf5 20. Qxf5 Qxe3+ 21. Kh1
Nh5 22. Rac1 Rae8 23. Be5 Rxe5 24. Qg4 Nf6 25. Qg3 Rf5 26. Qc7 Nh5 27. Qh2 Qe2
28. g4 Qxh2+ 29. Kxh2 Rf4 30. gxh5 Rh4 31. Rce1 Rxh5 32. Re7 a5 33. Rfe1 a4 34.
Nd2 Kg7 35. Rb7 Kg6 36. Rxb6 Rc8 37. Re7 Kf6 38. Rbb7 Rf8 39. Rec7 Kf5 40. Kg3
Rh4 41. Ra7 Re8 42. Rxf7+ Kg6 43. Rfc7 Re2 44. Rxc6+ Kh5 45. Raa6 g4 46. Rxh6+
1-0

[Event "AUTO-ADV-4398"]
[Site "http://www.queenalice.com/game.php?id=1626525"]
[Date "2020.9.11"]
[Round "1"]
[White "EdBrazil"]
[Black "adriano1953"]
[Result "0-1"]
[WhiteElo "1460"]
[BlackElo "1816"]

1. d4 d5 2. e3 Nf6 3. f4 Bg4 4. Nf3 e6 5. Bd2 Be7 6. Bd3 Nc6 7. Bb5 O-O 8. h3
Bf5 9. h4 Qd6 10. h5 Ne4 11. Nc3 Nxd2 12. Qxd2 Nb4 13. O-O a6 14. Ba4 b5 15. Bb3
h6 16. Ne5 f6 17. Ng6 Bxg6 0-1

[Event "AUTO-ADV-4398"]
[Site "http://www.queenalice.com/game.php?id=1626526"]
[Date "2020.9.11"]
[Round "1"]
[White "adriano1953"]
[Black "EdBrazil"]
[Result "1-0"]
[WhiteElo "1814"]
[BlackElo "1462"]

1. d4 e6 2. e4 Nc6 3. Nf3 Nf6 4. e5 Ne4 5. Bd3 d5 6. Bxe4 dxe4 7. Ng5 Nxd4 8. c3
Bb4 9. cxb4 Nf3+ 10. gxf3 Qxd1+ 11. Kxd1 O-O 12. Nxe4 b6 13. Be3 Bb7 14. Nbc3
Rad8+ 15. Kc2 f5 16. Ng5 Rfe8 17. Rad1 h6 18. Nh3 1-0

[Event "Challenge"]
[Site "http://www.queenalice.com/game.php?id=1633731"]
[Date "2020.11.21"]
[Round "-"]
[White "jorm"]
[Black "adriano1953"]
[Result "1-0"]
[WhiteElo "1836"]
[BlackElo "1830"]

1. e4 e5 2. Nf3 Nc6 3. a3 Nf6 4. Nc3 Bc5 5. d3 Ng4 6. Be3 Bxe3 7. fxe3 Nxe3 8.
Qd2 Ng4 9. h3 Nf6 10. O-O-O d6 11. g4 O-O 12. Be2 a5 13. g5 Ne8 14. h4 Be6 15.
h5 Qd7 16. Nh4 Nd4 17. g6 Nxe2+ 18. Qxe2 Bg4 19. Nf3 Qe6 20. gxh7+ Kh8 21. Qe3
Nf6 22. Ng5 Qe7 23. h6 g6 24. Rdg1 Bd7 25. Nd5 Nxd5 26. exd5 c5 27. Qf3 b5 28.
Ne4 b4 29. a4 Bxa4 30. b3 Bd7 31. Nf6 a4 32. Nxd7 Qxd7 33. Qf6+ Kxh7 34. Qg7#
1-0

[Event "Happy New Year!"]
[Site "http://www.queenalice.com/game.php?id=1638786"]
[Date "2021.1.4"]
[Round "-"]
[White "Wigmont"]
[Black "adriano1953"]
[Result "0-1"]
[WhiteElo "1601"]
[BlackElo "1780"]

1. c4 e5 2. d3 Nc6 3. Nf3 Bc5 4. Nc3 Nf6 5. Bg5 d6 6. h3 O-O 7. Ne4 Bb4+ 8. Nfd2
h6 9. Bxf6 gxf6 10. g4 d5 11. Ng3 Be6 12. a3 Bd6 13. e3 dxc4 14. dxc4 Be7 15.
Nf5 Bxf5 16. gxf5 Qd7 17. Qh5 Kh7 18. Rg1 Bc5 19. Qg4 Rg8 20. Ne4 Rxg4 21. Nxf6+
Kh8 22. Nxd7 Rxg1 23. Nxc5 Na5 24. Nd7 Nxc4 25. Ke2 Rd8 26. Rd1 Nxb2 27. Rd2 Nc4
28. Rd3 b5 29. f4 exf4 30. Kf2 Rg3 31. Rd5 Nxa3 32. e4 c6 33. Rd6 Kg7 34. f6+
Kg8 35. e5 Nc4 36. Rd4 Nxe5 37. Rxf4 Ng6 38. Kxg3 Nxf4 39. Ne5 Nh5+ 40. Kg4
Nxf6+ 41. Kf3 c5 42. Bxb5 a5 43. Nc6 Ra8 44. Bc4 a4 45. Ne5 Ra7 46. Kf4 Kg7 47.
Kf5 a3 48. Ba2 Rb7 49. Ng4 Nxg4 50. hxg4 Rb2 51. Bd5 a2 52. Bxa2 Rxa2 0-1

[Event "AUTO-ADV-4398"]
[Site "http://www.queenalice.com/game.php?id=1638796"]
[Date "2021.1.4"]
[Round "2"]
[White "adriano1953"]
[Black "Rafale2000"]
[Result "0-1"]
[WhiteElo "1798"]
[BlackElo "1893"]

1. d4 Nf6 2. Bg5 Ne4 3. Bf4 c5 4. d5 d6 5. Nf3 Qa5+ 6. Bd2 Nxd2 7. Nbxd2 g6 8.
e3 Bg7 9. c3 Nd7 10. Be2 O-O 11. O-O Ne5 12. Nxe5 Bxe5 13. f4 Bg7 14. g4 e5 15.
fxe5 Bxe5 16. h4 Qd8 17. Nf3 Bxg4 18. Qe1 Bf6 19. Qg3 Bxf3 20. Rxf3 Bxh4 21. Qg4
f5 22. Qg2 Qg5 23. Qxg5 Bxg5 24. Rg3 h6 25. Kg2 Kg7 26. Rh1 Rae8 27. Kf2 f4 28.
exf4 Bxf4 29. Rf3 Be3+ 30. Kg2 Rxf3 31. Bxf3 Bg5 32. Kg3 Re3 33. Kg4 b5 34. Rh2
Kf6 35. Rf2 Ke5 0-1

[Event "AUTO-ADV-4398"]
[Site "http://www.queenalice.com/game.php?id=1638797"]
[Date "2021.1.4"]
[Round "2"]
[White "Rafale2000"]
[Black "adriano1953"]
[Result "1-0"]
[WhiteElo "1907"]
[BlackElo "1818"]

1. e4 e5 2. Nf3 Nc6 3. Bc4 h6 4. d4 exd4 5. Nxd4 Nxd4 6. Qxd4 d6 7. Nc3 Bd7 8.
O-O Nf6 9. Nd5 Be7 10. Nxe7 Qxe7 11. f4 O-O 12. e5 dxe5 13. fxe5 Nh7 14. Bd2
Rfe8 15. Rxf7 Qxf7 16. Rf1 Be6 17. Rxf7 Bxf7 18. Bc3 Ng5 19. e6 1-0

[Event "AUTO-ADV-4398"]
[Site "http://www.queenalice.com/game.php?id=1638798"]
[Date "2021.1.4"]
[Round "2"]
[White "adriano1953"]
[Black "Pin"]
[Result "0-1"]
[WhiteElo "1786"]
[BlackElo "2045"]

1. d4 Nf6 2. Bg5 d5 3. c4 Ne4 4. Nf3 Nxg5 5. Nxg5 e6 6. Nf3 Be7 7. e3 O-O 8. a3
c5 9. cxd5 Qxd5 10. Be2 Nc6 11. dxc5 Qxd1+ 12. Bxd1 Bxc5 13. O-O b6 14. Bc2 Ba6
15. Re1 Rad8 16. Nc3 Rd7 17. Rad1 Rfd8 18. Ne4 Bf8 19. b4 Bb7 20. Rxd7 Rxd7 21.
Neg5 h6 22. Ne4 Be7 23. Ba4 Rd8 24. Rd1 Rxd1+ 25. Bxd1 Nxb4 26. axb4 Bxe4 27. b5
f6 28. Nd4 e5 29. Ne2 Bd3 30. Nc3 Bb4 31. Nd5 Bc5 32. Ba4 Bc4 33. Ne7+ Bxe7 0-1

[Event "AUTO-ADV-4398"]
[Site "http://www.queenalice.com/game.php?id=1638799"]
[Date "2021.1.4"]
[Round "2"]
[White "Pin"]
[Black "adriano1953"]
[Result "1-0"]
[WhiteElo "2002"]
[BlackElo "1806"]

1. e4 e5 2. Nf3 Nc6 3. Bb5 d6 4. O-O Nf6 5. d3 Be7 6. Nc3 Bd7 7. Be3 O-O 8. a4
Nb4 9. Bc4 a6 10. Ne2 b5 11. axb5 axb5 12. Bb3 c5 13. Qd2 Ng4 14. Ng3 Nxe3 15.
fxe3 h6 16. c3 Nc6 17. Bd5 Kh8 18. h3 Rxa1 19. Rxa1 Bh4 20. Nf5 Bg5 21. Nxg5
Qxg5 22. Nxd6 Nd8 23. Qf2 f5 24. Ra7 fxe4 25. Qxf8+ 1-0

[Event "Challenge"]
[Site "http://www.queenalice.com/game.php?id=1764622"]
[Date "2021.7.17"]
[Round "-"]
[White "MADMIKE"]
[Black "adriano1953"]
[Result "0-1"]
[WhiteElo "1864"]
[BlackElo "1787"]

1. d4 d5 2. Nc3 c6 3. e4 dxe4 4. Nxe4 Bf5 5. Nc5 Qc7 6. Bd3 Bxd3 7. Qxd3 e6 8.
Nf3 Bxc5 9. dxc5 Nf6 10. h3 Nbd7 11. O-O Nxc5 12. Qc4 Ncd7 13. Bg5 O-O 14. Bxf6
Nxf6 15. b4 Rad8 16. b5 c5 17. a4 Rfe8 18. Rfe1 h6 19. a5 Rd5 20. c3 Red8 21.
Qb3 Rd3 22. Ne5 R3d5 23. Nc4 Qf4 24. f3 Rg5 25. Ra2 Qxf3 26. Ne5 Qxh3 27. Nf3
Qxf3 28. Rf1 Qe3+ 0-1

[Event "Challenge"]
[Site "http://www.queenalice.com/game.php?id=1764623"]
[Date "2021.7.17"]
[Round "-"]
[White "adriano1953"]
[Black "MADMIKE"]
[Result "1-0"]
[WhiteElo "1806"]
[BlackElo "1845"]

1. d4 d5 2. c4 e6 3. Nf3 Nc6 4. Bg5 Be7 5. Bxe7 Ngxe7 6. e3 dxc4 7. Bxc4 O-O 8.
Nc3 a6 9. O-O b5 10. Bd3 Bb7 11. Qc2 f5 12. Rad1 Ng6 13. a3 h6 14. Rfe1 Nce7 15.
Qe2 Nd5 16. Nxd5 Bxd5 17. e4 fxe4 18. Bxe4 Bxe4 19. Qxe4 Nf4 20. Ne5 Qe8 21. Rc1
Rc8 22. Rc6 a5 23. Nd3 Nxd3 24. Rxe6 Qf7 25. Qxd3 Qxf2+ 26. Kh1 Qxb2 27. Qg3 Kh8
28. Qe5 Qxa3 29. Rxh6+ Kg8 30. Rh3 Qb4 31. Qe6+ 1-0